000 00699nam a2200205 i 4500
001 66825
003 ES-MaACL
005 20250302202840.0
007 t|
008 040405s1997 sp ||||1| spa d
020 _a84-226-6925-0
080 _a821.134.2-14"19"
100 1 _aMayor Zaragoza, Federico,
_d1934-2024
_979415
245 1 0 _aTerral (1990-1997) /
_cFederico Mayor Zaragoza ; dibujos, Miguel Rodríguez Acosta.
260 _aTorremolinos (Málaga) :
_bLitoral ;
_aBarcelona :
_bCírculo de Lectores,
_c1997.
300 _a170 p. :
_bil. ;
_c24 cm.
700 1 _aRodríguez-Acosta, Miguel,
_d1927-2025
_998314
852 _aES-MaACL
_jL-27292
_bR.132930
999 _c66825
_d66825